000
00469nam a22001337a 4500
003
SGT
020
_a
9788126727117
082
_a
891.4309
_b
S15S
100
_a
शर्मा, निरंजन देव
245
_a
शब्द परस्पर : कृष्णा सोबती के रचनात्मक अवदान पर केंद्रित
260
_b
राजकमल प्रकाशन
_c
2015
300
_a
167
942
_2
ddc
_c
BK
999
_c
30998
_d
30998